| 000 | 00835cab a2200265 4500 | ||
|---|---|---|---|
| 001 | ABS57631 | ||
| 008 | 090401t1997 xxu||||| |||| 00| 0 eng d | ||
| 035 | _a(Sirsi) u80818 | ||
| 041 | _aeng | ||
| 100 | _aMurphy, G. | ||
| 245 | _aGetting in on the Act | ||
| 260 | _c1997 | ||
| 350 | _a0 | ||
| 490 |
_aEstates Gazette _v(9735) 30 August 1997, 44-45(2) |
||
| 520 | _aConsiders how Housing Act 1996 has provided both landlords and tenants with a more equitable procedure for disposal of leases by allowing sale by auction. | ||
| 650 |
_aAuctioneering _96218 |
||
| 650 | _aHOUSING ACT 1996 | ||
| 650 | _aLANDLORD AND TENANT ACT 1987 | ||
| 650 | _aLEASE DISPOSAL | ||
| 650 | _aMIXED-USE BUILDINGS | ||
| 650 |
_aAuctioneering _96218 |
||
| 690 | _aLANDLORD AND TENANT-LEASEHOLD REFORM | ||
| 942 | _n0 | ||
| 948 | _c12/09/1997 | ||
| 999 |
_c50898 _d50898 |
||